| 000 | 00000nam##2200000za#4500 |
| 001 | 9.607808 |
| 003 | CaOODSP |
| 005 | 20240612102647 |
| 007 | cr ||||||||||| |
| 008 | 150406|2008||||xxc|||||o f|0| 0 fre|d |
| 040 | |aCaOODSP|bfre |
| 043 | |an-cn--- |
| 086 | 1 |aRv55-5/11-4-16-2008F-PDF |
| 110 | 2 |aAgence des services frontaliers du Canada. |
| 245 | 10|aDécisions anticipées découlant d'un accord de libre-échange |h[ressource électronique] |
| 260 | |aOttawa - Ontario : |bAgence des services frontaliers du Canada |
| 300 | |a21p. |
| 490 | 1 |aMémorandums D des douanes. D11, Renseignements généraux sur le tarif |vD11-4-16, le 19 décembre 2008 |
| 500 | |aCeci annule les mémorandums « D » – D11-4-16, le 30 mars 2006. |
| 590 | |a14-17-Supp|b2014-10-09 |
| 775 | 08|tAdvance rulings under free trade agreements |w(CaOODSP)9.580871 |
| 776 | 0#|tDécisions anticipées découlant d'un accord de libre-échange |w(CaOODSP)9.546141 |
| 776 | 0#|tAdvance rulings under free trade agreements |w(CaOODSP)9.546140 |
| 830 | #0|aMémorandums D des douanes. D11, Renseignements généraux sur le tarif ;|vD11-4-16, le 19 décembre 2008|w(CaOODSP)9.816826 |
| 856 | 40|ahttp://publications.gc.ca|qPDF|s279 Ko|uhttps://publications.gc.ca/collections/collection_2014/asfc-cbsa/Rv55-5-11-4-16-2008-fra.pdf|yD11-4-16, le 19 décembre 2008 |